Дело об открытии при Одесском греческом училище школы взаимного обучения

Доступно только в Электронных читальных залах Найти на картеНа карте
RUSMARC
00003925nmc2a2200000 x 450
001a8d1444e-b12c-46e3-8645-d807435b2318
00520160705014345.0
100##$a20150617l18211823k l0rusy0189 ca
1010#$arus
102##$aRU
2001#$aДело об открытии при Одесском греческом училище школы взаимного обучения
$j27 мая 1821 г. - 25 июля 1823 г.
251##$cДело
300##$aОриг. заголовок дела: Дело по положению Комитета для учреждения училищ взаимного обучения об учрежденной при Одесском греческом училище школе взаимного обучения. 27 мая 1821 г. - 25 июля 1823 г
801#0$aRU
$bРГИА
$c20150617
$gRCR
801#1$aRU
$bГлавНИВЦ
$c20150617
$2rusmarc
801#2$aRU
$bПБ им. Б.Н. Ельцина
$c20160705
$gRCR
$2rusmarc
850##$aРГИА
852##$aРГИА
$eФедеральное казенное учреждение "Российский государственный исторический архив" (РГИА)
$j57
937##$hРГИА
$d11556473
$aASBIBLIO_SCAN
462#0$1001a25a632e-e298-49e9-af82-b99ccf4c5441
$12001
$a1818-1830 гг.
$1251
$cОпись
$1852
$j91
461#0$1001a74412a3-3cc5-4d21-8f0a-dfe2fbd9e72d
$12001
$aДепартамент народного просвещения Министерства народного просвещения (1803-1917)
$1251
$cФонд
$1852
$j733
215##$a37 л.
$d36,5x26 см
371##$aДокумент не является опубликованным и широко распространяемым
105##$aу###
1222#$ad
5171#$aДело по положению Комитета для учреждения училищ взаимного обучения об учрежденной при Одесском греческом училище школе взаимного обучения. 27 мая 1821 г. - 25 июля 1823 г
035##$aa8d1444e-b12c-46e3-8645-d807435b2318
Формат отображения